[Event "BL2-Sued 2122"]
[Site "Germany"]
[Date "2022.06.19"]
[Round "8.5"]
[White "Muranyi, Karl Jasmin"]
[Black "Seitz, Patrick"]
[Result "1-0"]
[WhiteElo "2334"]
[BlackElo "2171"]
[PlyCount "91"]
[EventDate "2022.03.05"]
[EventType "team-tourn"]
[EventRounds "10"]
[EventCountry "GER"]
[SourceTitle "EXT 2023"]
[Source "ChessBase"]
[SourceDate "2022.10.05"]
[SourceVersion "1"]
[SourceVersionDate "2022.10.05"]
[SourceQuality "1"]
[WhiteTeam "Worms"]
[BlackTeam "Boeblingen"]
[WhiteTeamCountry "GER"]
[BlackTeamCountry "GER"]

1. d4 Nf6 2. c3 d6 3. Bf4 g6 4. Nd2 Nh5 5. Bg3 Bg7 6. e3 Nd7 7. Bh4 c5 8. Be2 Nhf6 9. Ngf3 b6 10. a4 Bb7 11. 0-0 h6 12. a5 g5 13. Bg3 0-0 14. Qa4 Qc7 15. Rfc1 Bc6 16. Qa3 Ne4 17. Nxe4 Bxe4 18. h4 Bf6 19. hxg5 hxg5 20. Nd2 Bb7 21. e4 Rac8 22. a6 Ba8 23. d5 Kg7 24. Nc4 Rh8 25. Bg4 Rh7 26. f3 Rch8 27. Qa4 Nf8 28. Kf2 Ng6 29. Bf5 Be5 30. Nxe5 dxe5 31. Qd7 Qxd7 32. Bxd7 Nf4 33. Bxf4 exf4 34. b4 e6 35. dxe6 fxe6 36. Bxe6 Rh6 37. Bd7 Bc6 38. Rd1 b5 39. bxc5 Rf8 40. e5 Bxd7 41. Rxd7+ Rf7 42. Rd6 Rc7 43. e6 Rxc5 44. e7 Rh8 45. Rd8 Rc8 46. Rad1 1-0

[Event "BL2-Sued 2122"]
[Site "Germany"]
[Date "2022.06.18"]
[Round "7.4"]
[White "Muranyi, Karl Jasmin"]
[Black "Hacker, Jonas"]
[Result "1/2-1/2"]
[WhiteElo "2334"]
[BlackElo "2469"]
[PlyCount "137"]
[EventDate "2022.03.05"]
[EventType "team-tourn"]
[EventRounds "10"]
[EventCountry "GER"]
[SourceTitle "EXT 2023"]
[Source "ChessBase"]
[SourceDate "2022.10.05"]
[SourceVersion "1"]
[SourceVersionDate "2022.10.05"]
[SourceQuality "1"]
[WhiteTeam "Worms"]
[BlackTeam "Eppingen"]
[WhiteTeamCountry "GER"]
[BlackTeamCountry "GER"]

1. d4 Nf6 2. c3 d5 3. Bf4 e6 4. e3 Bd6 5. Bg3 c5 6. Nd2 Qc7 7. Ngf3 Nbd7 8. Be2 b6 9. b4 Bxg3 10. hxg3 c4 11. Qc2 Bb7 12. a4 h6 13. a5 g6 14. Qb2 b5 15. 0-0-0 Kf8 16. Nh2 e5 17. Ng4 Nxg4 18. Bxg4 Nf6 19. Bf3 e4 20. Be2 Re8 21. Nf1 Kg7 22. Qd2 Bc8 23. Re1 h5 24. Bd1 Bf5 25. Bc2 Bg4 26. Nh2 Bf5 27. Nf1 Bg4 28. Nh2 a6 29. Nxg4 Nxg4 30. Bd1 f5 31. Rh3 Re7 32. Reh1 Qd6 33. Qe1 Rhe8 34. Be2 Nf6 35. Bd1 Qe6 36. Be2 Rh8 37. Bd1 Kg8 38. Be2 Reh7 39. Qg1 Kg7 40. Qe1 Qe7 41. Bd1 Rh6 42. Be2 R8h7 43. Bd1 Qe8 44. Be2 Qh8 45. Bd1 Qe8 46. Be2 Rh8 47. Bd1 Qe7 48. Be2 Nd7 49. Bd1 Nb8 50. Qd2 Qg5 51. Rh4 Nc6 52. Kb1 Qe7 53. Qb2 Qd6 54. Kc1 Ne7 55. R4h3 Ng8 56. Qd2 Nf6 57. Be2 g5 58. Qe1 Ng4 59. Bd1 h4 60. gxh4 Rxh4 61. Rxh4 Rxh4 62. Rxh4 gxh4 63. f3 exf3 64. Bxf3 Qh6 65. Kd2 Nf6 66. Qg1 Qg5 67. Qh2 Ne4+ 68. Bxe4 fxe4 69. Ke2 1/2-1/2

[Event "BL2-Sued 2122"]
[Site "Germany"]
[Date "2022.05.15"]
[Round "6.3"]
[White "Doric, Darko"]
[Black "Muranyi, Karl Jasmin"]
[Result "1/2-1/2"]
[WhiteElo "2481"]
[BlackElo "2334"]
[PlyCount "68"]
[EventDate "2022.03.05"]
[EventType "team-tourn"]
[EventRounds "10"]
[EventCountry "GER"]
[SourceTitle "EXT 2023"]
[Source "ChessBase"]
[SourceDate "2022.10.05"]
[SourceVersion "1"]
[SourceVersionDate "2022.10.05"]
[SourceQuality "1"]
[WhiteTeam "Schoenaich"]
[BlackTeam "Worms"]
[WhiteTeamCountry "GER"]
[BlackTeamCountry "GER"]

1. d4 Nf6 2. c4 e6 3. Nc3 Bb4 4. Bd2 b6 5. e3 Bb7 6. Nf3 Bxc3 7. Bxc3 Ne4 8. Rc1 Nxc3 9. Rxc3 d6 10. Be2 Nd7 11. 0-0 0-0 12. Qa4 Qe7 13. Rd1 a5 14. Ne1 e5 15. Bf3 e4 16. Be2 f5 17. g3 g5 18. Ng2 Kg7 19. Rf1 Rf6 20. d5 g4 21. Nf4 Kh8 22. Kg2 Ne5 23. Rh1 Ng6 24. h4 Nxf4+ 25. gxf4 Bc8 26. Kg3 Bd7 27. Qd1 Kg7 28. b3 Rff8 29. a3 Qf6 30. Qd2 Ra7 31. Rc2 Re8 32. Rhc1 Kh6 33. Qc3 Qxc3 34. Rxc3 Kg7 1/2-1/2

[Event "GER-ch Blitz"]
[Site "Magdeburg"]
[Date "2020.08.15"]
[Round "7"]
[White "Dobrikov, Marco"]
[Black "Muranyi, Karl Jasmin"]
[Result "0-1"]
[WhiteElo "2290"]
[BlackElo "2331"]
[PlyCount "90"]
[EventDate "2020.08.15"]
[EventType "tourn (blitz)"]
[EventRounds "29"]
[EventCountry "GER"]
[EventCategory "6"]
[SourceTitle "CBM 197 Extra"]
[Source "ChessBase"]
[SourceDate "2020.09.30"]
[SourceVersion "1"]
[SourceVersionDate "2020.09.30"]
[SourceQuality "1"]

1. e4 c6 2. Nc3 d5 3. Nf3 Bg4 4. h3 Bxf3 5. Qxf3 e6 6. d3 Nf6 7. Bd2 Nbd7 8. 0-0-0 a5 9. g4 a4 10. g5 Ng8 11. h4 Bb4 12. Rg1 a3 13. b3 Qa5 14. Nb1 Bxd2+ 15. Rxd2 Ne7 16. h5 0-0 17. Bh3 Rad8 18. g6 fxg6 19. Bxe6+ Kh8 20. Qh3 Nc5 21. hxg6 h6 22. Bf7 dxe4 23. Rg4 exd3 24. Rh4 Ng8 25. c3 Qc7 26. f4 Rxf7 27. gxf7 Qxf7 28. f5 Re8 29. Qf1 Nf6 30. Nxa3 Nfe4 31. Nb1 Nxd2 32. Nxd2 Qf6 33. Rc4 b6 34. b4 Na4 35. Qxd3 Rd8 36. Qc2 b5 37. Rf4 Qxc3 38. Qxc3 Nxc3 39. Kc2 Nxa2 40. Nf3 Rf8 41. Ne5 Kh7 42. Kb2 Nxb4 43. Rxb4 Rxf5 44. Nxc6 h5 45. Nd4 Rd5 0-1

[Event "GER-ch Blitz"]
[Site "Magdeburg"]
[Date "2020.08.15"]
[Round "22"]
[White "Donchenko, Alexander"]
[Black "Muranyi, Karl Jasmin"]
[Result "1-0"]
[WhiteElo "2657"]
[BlackElo "2331"]
[PlyCount "73"]
[EventDate "2020.08.15"]
[EventType "tourn (blitz)"]
[EventRounds "29"]
[EventCountry "GER"]
[EventCategory "6"]
[SourceTitle "CBM 197 Extra"]
[Source "ChessBase"]
[SourceDate "2020.09.30"]
[SourceVersion "1"]
[SourceVersionDate "2020.09.30"]
[SourceQuality "1"]

1. Nf3 d5 2. g3 c6 3. Bg2 Bf5 4. 0-0 Nf6 5. d3 e6 6. Nh4 Bg6 7. e4 dxe4 8. Nxg6 hxg6 9. dxe4 Qxd1 10. Rxd1 Nbd7 11. Bd2 0-0-0 12. Be1 Be7 13. Nd2 Nc5 14. h4 Rd7 15. Kf1 Rhd8 16. Ke2 Na4 17. Nc4 Rxd1 18. Rxd1 Rxd1 19. Kxd1 Nd7 20. b3 Nab6 21. Nxb6+ axb6 22. a4 Bc5 23. Ke2 Bd4 24. Kd3 Bf6 25. f4 Nc5+ 26. Ke3 Bb2 27. Bd2 Kc7 28. Bf3 e5 29. f5 Bd4+ 30. Ke2 Kd6 31. fxg6 fxg6 32. Bg2 Ne6 33. Bh3 Bc5 34. Bg4 Bg1 35. Kf1 Bc5 36. b4 Bd4 37. c3 1-0

[Event "GER-ch Blitz"]
[Site "Magdeburg"]
[Date "2020.08.15"]
[Round "21"]
[White "Krause, Benedict"]
[Black "Muranyi, Karl Jasmin"]
[Result "1-0"]
[WhiteElo "2425"]
[BlackElo "2331"]
[PlyCount "55"]
[EventDate "2020.08.15"]
[EventType "tourn (blitz)"]
[EventRounds "29"]
[EventCountry "GER"]
[EventCategory "6"]
[SourceTitle "CBM 197 Extra"]
[Source "ChessBase"]
[SourceDate "2020.09.30"]
[SourceVersion "1"]
[SourceVersionDate "2020.09.30"]
[SourceQuality "1"]

1. e4 c6 2. d4 d5 3. Nd2 g6 4. Ngf3 Bg7 5. c3 Bg4 6. Bd3 Nf6 7. e5 Nfd7 8. h3 Bxf3 9. Nxf3 e6 10. h4 h5 11. Ng5 Bh6 12. g4 Bxg5 13. Bxg5 Qb6 14. Rb1 c5 15. gxh5 Rxh5 16. Be2 Rh8 17. Kf1 cxd4 18. cxd4 Nc6 19. Be3 Ne7 20. Bd3 Nb8 21. b4 Nbc6 22. a4 Nf5 23. a5 Nxe3+ 24. fxe3 Qd8 25. a6 bxa6 26. Qa4 Qb6 27. Rc1 Rc8 28. Bxa6 1-0

[Event "GER-ch Blitz"]
[Site "Magdeburg"]
[Date "2020.08.15"]
[Round "4"]
[White "Muranyi, Karl Jasmin"]
[Black "Barzen, Pascal"]
[Result "0-1"]
[WhiteElo "2331"]
[BlackElo "2321"]
[PlyCount "84"]
[EventDate "2020.08.15"]
[EventType "tourn (blitz)"]
[EventRounds "29"]
[EventCountry "GER"]
[EventCategory "6"]
[SourceTitle "CBM 197 Extra"]
[Source "ChessBase"]
[SourceDate "2020.09.30"]
[SourceVersion "1"]
[SourceVersionDate "2020.09.30"]
[SourceQuality "1"]

1. d4 Nf6 2. c3 e6 3. Bf4 b6 4. a4 a6 5. Nd2 Bb7 6. e3 Be7 7. Ngf3 c5 8. Be2 0-0 9. 0-0 Ne4 10. Nxe4 Bxe4 11. Nd2 Bb7 12. Bf3 d5 13. Be2 Nd7 14. Nf3 Nf6 15. Bg5 Nd7 16. Bxe7 Qxe7 17. Bd3 e5 18. Bf5 e4 19. Nd2 Nf6 20. Qb3 Qc7 21. Qa3 a5 22. dxc5 bxc5 23. Nb3 Bc8 24. Bxc8 Rfxc8 25. c4 Qb6 26. cxd5 Nxd5 27. Nd2 Nb4 28. Rac1 Nd3 29. Rc2 Qe6 30. Qb3 Qxb3 31. Nxb3 Rcb8 32. Nxc5 Rc8 33. Nxd3 Rxc2 34. Nf4 Rxb2 35. h4 Ra2 36. Rd1 Rxa4 37. h5 h6 38. Rd7 Rc4 39. Nd5 Rc5 40. g4 a4 41. Ne7+ Kf8 42. Nf5 a3 0-1

[Event "GER-ch Blitz"]
[Site "Magdeburg"]
[Date "2020.08.15"]
[Round "26"]
[White "Voege, Tobias"]
[Black "Muranyi, Karl Jasmin"]
[Result "0-1"]
[WhiteElo "2326"]
[BlackElo "2331"]
[PlyCount "73"]
[EventDate "2020.08.15"]
[EventType "tourn (blitz)"]
[EventRounds "29"]
[EventCountry "GER"]
[EventCategory "6"]
[SourceTitle "CBM 197 Extra"]
[Source "ChessBase"]
[SourceDate "2020.09.30"]
[SourceVersion "1"]
[SourceVersionDate "2020.09.30"]
[SourceQuality "1"]

1. d4 d5 2. c4 c6 3. cxd5 cxd5 4. Nc3 Nf6 5. f3 e6 6. e4 Be7 7. e5 Nfd7 8. f4 0-0 9. Nf3 Nc6 10. Bd3 f6 11. 0-0 a6 12. Be3 Qb6 13. exf6 Bxf6 14. Rb1 g6 15. Ne2 Ne7 16. Bf2 Nb8 17. Ne5 Nbc6 18. g4 Bg7 19. h4 Nxe5 20. dxe5 Qd8 21. Kg2 Bd7 22. Qd2 Bb5 23. Bc5 Re8 24. Nd4 Bxd3 25. Qxd3 Nc6 26. Rbc1 Nxd4 27. Bxd4 Qxh4 28. Qf3 Rac8 29. Rh1 Qe7 30. Rxc8 Rxc8 31. Bc3 b5 32. a3 Rc4 33. Kg3 Qc7 34. Rd1 g5 35. f5 Bxe5+ 36. Bxe5 Qxe5+ 37. Kh3 0-1

[Event "Oberliga Sued W 1920"]
[Site "Germany"]
[Date "2019.10.20"]
[Round "2.3"]
[White "Boidman, Yuri"]
[Black "Muranyi, Karl Jasmin"]
[Result "1/2-1/2"]
[WhiteElo "2341"]
[BlackElo "2331"]
[PlyCount "110"]
[EventDate "2019.09.29"]
[EventType "team-tourn"]
[EventRounds "9"]
[EventCountry "GER"]
[SourceTitle "EXT 2021"]
[Source "ChessBase"]
[SourceDate "2020.10.23"]
[SourceVersion "1"]
[SourceVersionDate "2020.10.23"]
[SourceQuality "1"]

1. d4 Nf6 2. c4 c5 3. d5 e5 4. Nc3 d6 5. g3 Be7 6. Bg2 Nbd7 7. e4 0-0 8. Nge2 a6 9. 0-0 Ne8 10. a3 Nc7 11. b4 b5 12. bxc5 Nxc5 13. Be3 bxc4 14. Bxc5 dxc5 15. Qa4 Bd7 16. Qxc4 Nb5 17. Rfb1 Qa5 18. a4 Nxc3 19. Qxc3 Qxc3 20. Nxc3 Rfb8 21. Bf1 Rb4 22. a5 f5 23. exf5 Bxf5 24. Re1 Bf6 25. Na4 e4 26. Ra2 Bd4 27. Nb6 Re8 28. Kg2 Bg4 29. h3 Bf3+ 30. Kh2 e3 31. fxe3 Bc3 32. Rc1 Rxe3 33. d6 Bf6 34. Rxc5 Re1 35. Bg2 Bxg2 36. Kxg2 Rbb1 37. Rd2 Rg1+ 38. Kh2 Rh1+ 39. Kg2 Rbg1+ 40. Kf2 Rh2+ 41. Kxg1 Rxd2 42. Rc6 Kf7 43. g4 Ke6 44. d7+ Rd6 45. Rc7 Rd1+ 46. Kg2 Ke5 47. Rc5+ Ke4 48. Rc8 Rd2+ 49. Kf1 Kf3 50. Ke1 Rd6 51. Rc1 Kg3 52. Ke2 h6 53. Rb1 Bg5 54. Rb3+ Kg2 55. Ra3 Rd2+ 1/2-1/2

[Event "Oberliga Sued W 1718"]
[Site "Germany"]
[Date "2017.11.26"]
[Round "5.3"]
[White "Bastian, Herbert"]
[Black "Muranyi, Karl Jasmin"]
[Result "1/2-1/2"]
[WhiteElo "2294"]
[BlackElo "2330"]
[PlyCount "38"]
[EventDate "2017.09.10"]
[EventType "team-tourn"]
[EventRounds "11"]
[EventCountry "GER"]
[SourceTitle "EXT 2019"]
[Source "ChessBase"]
[SourceDate "2018.10.10"]
[SourceVersion "1"]
[SourceVersionDate "2018.10.10"]
[SourceQuality "1"]
[WhiteTeam "Saarbruecken SVG"]
[BlackTeam "Landau"]
[WhiteTeamCountry "GER"]
[BlackTeamCountry "GER"]

1. e4 c6 2. d4 d5 3. exd5 cxd5 4. c4 Nf6 5. Nc3 e6 6. Nf3 Nc6 7. cxd5 Nxd5 8. Bd3 Be7 9. 0-0 Bf6 10. Be4 Nce7 11. Qd3 h6 12. Ne5 0-0 13. Ng4 Qb6 14. Rd1 Rd8 15. Nxh6+ gxh6 16. Bxh6 Nf5 17. Nxd5 Rxd5 18. Bxd5 exd5 19. Be3 Bd7 1/2-1/2

[Event "Oberliga Sued W 1718"]
[Site "Germany"]
[Date "2017.10.08"]
[Round "2.2"]
[White "Koch, Hans Juergen"]
[Black "Muranyi, Karl Jasmin"]
[Result "0-1"]
[WhiteElo "2265"]
[BlackElo "2330"]
[PlyCount "120"]
[EventDate "2017.09.10"]
[EventType "team-tourn"]
[EventRounds "11"]
[EventCountry "GER"]
[SourceTitle "EXT 2019"]
[Source "ChessBase"]
[SourceDate "2018.10.10"]
[SourceVersion "1"]
[SourceVersionDate "2018.10.10"]
[SourceQuality "1"]
[WhiteTeam "Trier"]
[BlackTeam "Landau"]
[WhiteTeamCountry "GER"]
[BlackTeamCountry "GER"]

1. c4 Nf6 2. g3 c6 3. Nf3 d5 4. Qc2 Bg4 5. Bg2 e6 6. 0-0 Nbd7 7. b3 Be7 8. Ba3 Bxa3 9. Nxa3 0-0 10. Qb2 a5 11. d3 Re8 12. Ne5 Nxe5 13. Qxe5 Qe7 14. Nc2 Nd7 15. Qe3 Qc5 16. Rfe1 Bh5 17. Qxc5 Nxc5 18. cxd5 exd5 19. Nd4 Ne6 20. Nxe6 fxe6 21. e4 d4 22. e5 Bg6 23. Red1 Ra6 24. Rac1 Rb6 25. Rc4 Rd8 26. f4 Kf8 27. h4 Ke7 28. Kf2 Rb4 29. Bf3 h6 30. Ke2 Be8 31. Rdc1 Rb5 32. Rc5 Rxc5 33. Rxc5 b6 34. Rc1 c5 35. Be4 Bh5+ 36. Kd2 Rg8 37. Rg1 Bg4 38. Bg6 Kd7 39. Kc2 Rf8 40. Rf1 Bf5 41. Bh5 b5 42. Kd2 c4 43. bxc4 bxc4 44. dxc4 Rb8 45. Rd1 Kc6 46. Be2 Kc5 47. Ke1 a4 48. Rd2 Rb1+ 49. Kf2 a3 50. g4 Be4 51. Bf3 Bh7 52. Be2 Rb2 53. Ke1 Bb1 54. Bd3 Bxd3 55. Rxd3 Rxa2 56. f5 Kxc4 57. Rd1 exf5 58. gxf5 d3 59. e6 Re2+ 60. Kf1 a2 0-1

[Event "Pfalz op-A 8th"]
[Site "Neustadt an der Weinstrasse"]
[Date "2017.02.27"]
[Round "7"]
[White "Muranyi, Karl Jasmin"]
[Black "Deac, Bogdan Daniel"]
[Result "0-1"]
[WhiteElo "2328"]
[BlackElo "2572"]
[PlyCount "58"]
[EventDate "2017.02.24"]
[EventType "swiss"]
[EventRounds "9"]
[EventCountry "GER"]
[SourceTitle "CBM 177 Extra"]
[Source "ChessBase"]
[SourceDate "2017.04.27"]
[SourceVersion "1"]
[SourceVersionDate "2017.04.27"]
[SourceQuality "1"]

1. d4 Nf6 2. c3 c5 3. Bf4 cxd4 4. Bxb8 Rxb8 5. Qxd4 Qa5 6. Nf3 e6 7. Nbd2 d5 8. Nb3 Qc7 9. e3 a6 10. h4 Bd6 11. h5 e5 12. Qh4 h6 13. Be2 b5 14. Nfd2 Be6 15. g4 a5 16. a3 a4 17. Nc1 d4 18. cxd4 exd4 19. exd4 Bd5 20. Rh3 Bf4 21. Nd3 Bg5 22. Re3+ Be6 23. Qh3 Bxe3 24. fxe3 0-0 25. Rc1 Qe7 26. Qg3 Bxg4 27. Bxg4 Nxg4 28. Qxg4 Qxe3+ 29. Qe2 Rfe8 0-1